MARC보기
LDR00000nam c2200205 k 4500
001000000338689
00520250801151022
007ta
008250729s2021 ulk r 000a kor
020 ▼a 9791160406160 ▼g 03910 : ▼c \18000
040 ▼a 248032 ▼c 248032 ▼d 248032
0490 ▼l EM111090 ▼l EM111091 ▼c 2 ▼l EM111092 ▼c 3
056 ▼a 911.05 ▼2 4
090 ▼a 911.05 ▼b 이56ㄸ
24520 ▼a 또 하나의 조선 : ▼b 시대의 틈에서 '나'로 존재했던 52명의 여자들 / ▼d 이숙인 지음
250 ▼a 초판
260 ▼a 서울 : ▼b 한겨레출판, ▼c 2021
300 ▼a 353 p. ; ▼c 21 cm
653 ▼a 조선시대 ▼a 조선시대 여성 ▼a 여성역사
7001 ▼a 이숙인, ▼e 저
9500 ▼b \18000
990 ▼a 관리자2 ▼b 관리자2